[Event "Senior DM 2015"]
[Site "Randers"]
[Date "2015.02.11"]
[Round "5.1"]
[White "Larsen, Flemming Bo"]
[Black "Stentebjerg-Hansen, Per"]
[Result "0-1"]
[LiveChessVersion "1.4.4"]
[BlackElo "2195"]
[WhiteElo "2164"]

1. c4 {[%clk 1:30:58]} c6 {[%clk 1:30:53]} 2. g3 {[%clk 1:30:55]} d5
{[%clk 1:31:14]} 3. cxd5 {[%clk 1:29:29]} cxd5 {[%clk 1:31:38]} 4. Bg2
{[%clk 1:29:57]} Nf6 {[%clk 1:31:58]} 5. Qb3 {[%clk 1:28:46]} Nc6
{[%clk 1:31:40]} 6. Nc3 {[%clk 1:27:17]} e6 {[%clk 1:18:58]} 7. Nf3
{[%clk 1:25:20]} Be7 {[%clk 1:14:14]} 8. O-O {[%clk 1:22:56]} O-O
{[%clk 1:14:38]} 9. d3 {[%clk 1:23:14]} b6 {[%clk 1:13:50]} 10. Bf4
{[%clk 1:19:30]} Bb7 {[%clk 1:13:57]} 11. e4 {[%clk 1:16:10]} Rc8
{[%clk 1:12:55]} 12. exd5 {[%clk 1:02:47]} Na5 {[%clk 1:12:44]} 13. Qa4
{[%clk 0:58:32]} Nxd5 {[%clk 1:12:08]} 14. Nxd5 {[%clk 0:56:55]} Bxd5
{[%clk 1:10:08]} 15. Rac1 {[%clk 0:57:02]} Qe8 {[%clk 0:56:37]} 16. Qxe8
{[%clk 0:49:30]} Rfxe8 {[%clk 0:57:02]} 17. b3 {[%clk 0:48:34]} Ba3
{[%clk 0:56:57]} 18. Rcd1 {[%clk 0:48:59]} Nc6 {[%clk 0:55:12]} 19. Nd2
{[%clk 0:44:56]} Nd4 {[%clk 0:49:48]} 20. Be3 {[%clk 0:40:34]} Ne2+
{[%clk 0:48:35]} 21. Kh1 {[%clk 0:40:59]} Nc3 {[%clk 0:48:53]} 22. Rde1
{[%clk 0:40:39]} Bxg2+ {[%clk 0:35:46]} 23. Kxg2 {[%clk 0:41:03]} Nd5
{[%clk 0:35:59]} 24. Nb1 {[%clk 0:36:14]} Bb2 {[%clk 0:34:27]} 25. Re2
{[%clk 0:35:06]} Bf6 {[%clk 0:34:48]} 26. d4 {[%clk 0:33:56]} Be7
{[%clk 0:31:23]} 27. Kf3 {[%clk 0:33:32]} Rc6 {[%clk 0:30:45]} 28. Rc1
{[%clk 0:31:26]} Rec8 {[%clk 0:28:56]} 29. Rxc6 {[%clk 0:31:09]} Rxc6
{[%clk 0:29:24]} 30. a3 {[%clk 0:28:00]} Kf8 {[%clk 0:28:24]} 31. Ke4
{[%clk 0:28:14]} Nc3+ {[%clk 0:25:57]} 0-1

[Event "Senior DM 2015"]
[Site "Randers"]
[Date "2015.02.11"]
[Round "5.2"]
[White "Christiansen, Arne"]
[Black "Brautsch, Søren"]
[Result "1/2-1/2"]
[LiveChessVersion "1.4.4"]
[BlackElo "2230"]
[WhiteElo "2086"]

1. c4 {[%clk 1:30:57]} c6 {[%clk 1:30:08]} 2. Nf3 {[%clk 1:31:07]} d5
{[%clk 1:30:34]} 3. d4 {[%clk 1:31:29]} e6 {[%clk 1:29:49]} 4. e3
{[%clk 1:31:35]} f5 {[%clk 1:29:03]} 5. Nc3 {[%clk 1:30:19]} Nf6 {[%clk 1:29:05]}
6. Bd3 {[%clk 1:29:54]} Bd6 {[%clk 1:28:59]} 7. O-O {[%clk 1:27:24]} O-O
{[%clk 1:29:19]} 8. Qc2 {[%clk 1:21:12]} Ne4 {[%clk 1:27:59]} 9. Ne1
{[%clk 1:11:18]} Nd7 {[%clk 1:17:51]} 10. f4 {[%clk 1:05:09]} Ndf6
{[%clk 1:15:13]} 11. Nf3 {[%clk 1:05:19]} Nxc3 {[%clk 1:14:43]} 12. bxc3
{[%clk 1:04:22]} Ne4 {[%clk 1:14:41]} 13. cxd5 {[%clk 1:03:11]} exd5
{[%clk 1:14:34]} 14. c4 {[%clk 1:03:28]} Qe7 {[%clk 1:06:47]} 15. a4
{[%clk 0:57:06]} Be6 {[%clk 1:02:40]} 16. Ne5 {[%clk 0:53:27]} Rfd8
{[%clk 0:55:17]} 17. c5 {[%clk 0:47:38]} Bc7 {[%clk 0:52:12]} 18. Bd2
{[%clk 0:46:13]} Bf7 {[%clk 0:44:02]} 19. Be1 {[%clk 0:44:12]} Be8
{[%clk 0:43:14]} 20. Rb1 {[%clk 0:40:23]} Rab8 {[%clk 0:43:20]} 21. Kh1
{[%clk 0:38:51]} Kh8 {[%clk 0:40:51]} 22. a5 {[%clk 0:33:31]} Qf6
{[%clk 0:37:54]} 23. Rb2 {[%clk 0:29:15]} b6 {[%clk 0:34:36]} 24. axb6
{[%clk 0:28:53]} axb6 {[%clk 0:35:00]} 25. cxb6 {[%clk 0:26:46]} Rxb6
{[%clk 0:34:34]} 26. Rxb6 {[%clk 0:26:20]} Bxb6 {[%clk 0:34:58]} 27. Bxe4
{[%clk 0:25:29]} fxe4 {[%clk 0:33:24]} 28. Bb4 {[%clk 0:25:20]} Ra8
{[%clk 0:30:53]} 29. Kg1 {[%clk 0:19:42]} Bc7 1/2-1/2

[Event "Senior DM 2015"]
[Site "Randers"]
[Date "2015.02.11"]
[Round "5.3"]
[White "Matras, Ove"]
[Black "Nielsen, John Bauneborg"]
[Result "1/2-1/2"]
[LiveChessVersion "1.4.4"]
[BlackElo "2090"]
[WhiteElo "1681"]

1. e4 {[%clk 1:30:49]} g6 {[%clk 1:29:15]} 2. d4 {[%clk 1:29:53]} Bg7
{[%clk 1:29:40]} 3. f4 {[%clk 1:30:16]} d5 {[%clk 1:27:38]} 4. e5
{[%clk 1:29:14]} c5 {[%clk 1:26:32]} 5. c3 {[%clk 1:28:19]} cxd4 {[%clk 1:26:49]}
6. cxd4 {[%clk 1:28:38]} Nc6 {[%clk 1:27:15]} 7. Nc3 {[%clk 1:25:39]} Nh6
{[%clk 1:26:27]} 8. Bb5 {[%clk 1:25:00]} O-O {[%clk 1:24:46]} 9. Bxc6
{[%clk 1:18:51]} bxc6 {[%clk 1:25:09]} 10. Nge2 {[%clk 1:18:29]} Ba6
{[%clk 1:13:20]} 11. O-O {[%clk 1:15:22]} Qa5 {[%clk 0:59:55]} 12. Re1
{[%clk 1:11:17]} e6 {[%clk 0:45:05]} 13. Ng3 {[%clk 1:10:28]} c5 {[%clk 0:38:42]}
14. dxc5 {[%clk 1:09:12]} Qxc5+ {[%clk 0:38:46]} 15. Be3 {[%clk 1:09:28]} Qb4
{[%clk 0:38:01]} 16. Bd4 {[%clk 1:08:38]} Rfc8 {[%clk 0:34:46]} 17. a3
{[%clk 1:02:23]} Qxb2 {[%clk 0:26:50]} 18. Nxd5 {[%clk 0:59:05]} Qb7
{[%clk 0:27:09]} 19. Nf6+ {[%clk 0:59:26]} Bxf6 {[%clk 0:26:56]} 20. exf6
{[%clk 0:59:39]} Rd8 {[%clk 0:26:34]} 21. Qa4 {[%clk 0:53:31]} Bb5
{[%clk 0:24:35]} 22. Qb4 {[%clk 0:53:41]} a5 {[%clk 0:22:47]} 23. Qb2
{[%clk 0:53:55]} Qd5 {[%clk 0:22:17]} 24. Be5 {[%clk 0:50:19]} Bd3
{[%clk 0:16:52]} 25. Rac1 {[%clk 0:46:12]} Rac8 {[%clk 0:15:32]} 26. Qd2
{[%clk 0:45:12]} Bc4 {[%clk 0:14:47]} 27. Qxd5 {[%clk 0:44:39]} Bxd5
{[%clk 0:13:49]} 28. h3 {[%clk 0:44:38]} a4 {[%clk 0:12:23]} 29. Rxc8
{[%clk 0:42:40]} Rxc8 {[%clk 0:12:46]} 30. Re2 {[%clk 0:43:00]} Nf5
{[%clk 0:06:57]} 31. Nxf5 {[%clk 0:39:13]} gxf5 {[%clk 0:07:00]} 32. Rb2
{[%clk 0:39:09]} Bb3 {[%clk 0:05:09]} 33. Kf2 {[%clk 0:38:21]} Kf8
{[%clk 0:04:10]} 34. g4 {[%clk 0:37:54]} fxg4 {[%clk 0:03:37]} 35. hxg4
{[%clk 0:38:04]} Rc1 {[%clk 0:02:17]} 36. Rd2 {[%clk 0:35:12]} Ke8
{[%clk 0:02:19]} 37. Bd6 {[%clk 0:32:48]} Bd5 {[%clk 0:02:32]} 38. Bb4
{[%clk 0:27:53]} Kd7 {[%clk 0:02:17]} 39. Ke3 {[%clk 0:28:01]} Kc6
{[%clk 0:02:13]} 40. Rh2 {[%clk 0:58:06]} Rh1 {[%clk 0:30:44]} 41. Rxh1
{[%clk 0:58:02]} Bxh1 {[%clk 0:31:08]} 42. Kd4 {[%clk 0:57:55]} h6
{[%clk 0:30:59]} 43. Bf8 {[%clk 0:57:36]} Bf3 {[%clk 0:31:09]} 44. Bxh6
{[%clk 0:56:27]} Bxg4 {[%clk 0:31:34]} 45. Bf8 {[%clk 0:56:35]} Kb5
{[%clk 0:31:51]} 46. Ke5 {[%clk 0:56:47]} Kc4 {[%clk 0:32:08]} 47. Be7
{[%clk 0:56:48]} Kd3 {[%clk 0:32:04]} 48. Bf8 {[%clk 0:57:11]} Bf5
{[%clk 0:32:06]} 49. Be7 {[%clk 0:57:33]} Ke3 {[%clk 0:32:04]} 50. Bf8
{[%clk 0:57:55]} Bc2 {[%clk 0:32:06]} 1/2-1/2

[Event "Senior DM 2015"]
[Site "Randers"]
[Date "2015.02.11"]
[Round "5.4"]
[White "Sloth, Jørn"]
[Black "Jørgensen, Jørgen"]
[Result "1/2-1/2"]
[LiveChessVersion "1.4.4"]
[BlackElo "2167"]
[WhiteElo "2294"]

1. c4 {[%clk 1:30:33]} c5 {[%clk 1:30:35]} 2. Nf3 {[%clk 1:28:47]} Nc6
{[%clk 1:30:44]} 3. d4 {[%clk 1:28:28]} cxd4 {[%clk 1:30:58]} 4. Nxd4
{[%clk 1:28:32]} g6 {[%clk 1:31:10]} 5. e4 {[%clk 1:28:09]} Bg7 {[%clk 1:31:27]}
6. Be3 {[%clk 1:28:19]} Nf6 {[%clk 1:31:02]} 7. Nc3 {[%clk 1:28:30]} d6
{[%clk 1:30:43]} 8. Be2 {[%clk 1:28:07]} O-O {[%clk 1:20:46]} 9. O-O
{[%clk 1:27:50]} Bd7 {[%clk 1:19:41]} 10. Nc2 {[%clk 1:18:05]} Ne5
{[%clk 1:12:54]} 11. f3 {[%clk 1:11:45]} Be6 {[%clk 0:52:05]} 12. Nd5
{[%clk 1:05:47]} Ned7 {[%clk 0:49:10]} 13. Nd4 {[%clk 1:04:16]} Re8
{[%clk 0:43:02]} 14. Nf4 {[%clk 0:53:54]} Nf8 {[%clk 0:41:28]} 15. Nfxe6
{[%clk 0:50:47]} fxe6 {[%clk 0:39:27]} 16. Qb3 {[%clk 0:48:39]} N6d7
{[%clk 0:27:00]} 17. Qa3 {[%clk 0:41:15]} a5 {[%clk 0:25:15]} 18. Rfd1
{[%clk 0:37:38]} Nc5 {[%clk 0:23:33]} 19. Nb3 {[%clk 0:29:48]} b6
{[%clk 0:19:33]} 20. Rab1 {[%clk 0:25:29]} Qb8 {[%clk 0:18:25]} 21. Nd4
{[%clk 0:25:16]} Bxd4 {[%clk 0:17:52]} 22. Rxd4 {[%clk 0:23:08]} e5
{[%clk 0:17:52]} 23. Rd2 {[%clk 0:23:26]} Nfe6 {[%clk 0:17:53]} 24. Qc3
{[%clk 0:22:59]} Qc7 {[%clk 0:16:03]} 25. b3 {[%clk 0:22:25]} Ra7
{[%clk 0:13:27]} 26. Bf1 {[%clk 0:21:14]} 1/2-1/2

[Event "Senior DM 2015"]
[Site "Randers"]
[Date "2015.02.11"]
[Round "5.5"]
[White "Kølbæk, Jens"]
[Black "Pedersen, Jan Rode"]
[Result "1-0"]
[LiveChessVersion "1.4.4"]
[BlackElo "2218"]
[WhiteElo "2197"]

1. Nf3 {[%clk 1:30:55]} Nf6 {[%clk 1:29:20]} 2. d4 {[%clk 1:31:05]} e6
{[%clk 1:29:46]} 3. g3 {[%clk 1:30:43]} b6 {[%clk 1:30:09]} 4. Bg2
{[%clk 1:31:07]} Bb7 {[%clk 1:30:36]} 5. O-O {[%clk 1:31:24]} Be7
{[%clk 1:30:55]} 6. c4 {[%clk 1:28:38]} O-O {[%clk 1:31:01]} 7. Nc3
{[%clk 1:29:04]} Na6 {[%clk 1:29:42]} 8. a3 {[%clk 1:27:36]} c5 {[%clk 1:17:47]}
9. d5 {[%clk 1:26:34]} exd5 {[%clk 1:18:02]} 10. cxd5 {[%clk 1:26:54]} d6
{[%clk 1:18:29]} 11. e4 {[%clk 1:26:07]} Nc7 {[%clk 1:18:09]} 12. Re1
{[%clk 1:22:04]} b5 {[%clk 1:14:56]} 13. b4 {[%clk 1:15:43]} Nd7 {[%clk 1:03:06]}
14. Bf4 {[%clk 0:59:18]} Bf6 {[%clk 0:42:57]} 15. Rc1 {[%clk 0:59:31]} cxb4
{[%clk 0:40:51]} 16. axb4 {[%clk 0:59:54]} Nb6 {[%clk 0:41:15]} 17. Nd4
{[%clk 0:57:17]} a6 {[%clk 0:40:18]} 18. Nf5 {[%clk 0:42:21]} Nc4
{[%clk 0:39:40]} 19. Bf1 {[%clk 0:42:23]} Ne5 {[%clk 0:34:59]} 20. Be3
{[%clk 0:41:58]} g6 {[%clk 0:22:36]} 21. Nh6+ {[%clk 0:35:56]} Kh8
{[%clk 0:22:09]} 22. f4 {[%clk 0:31:30]} Nd7 {[%clk 0:21:45]} 23. Ng4
{[%clk 0:26:25]} Bg7 {[%clk 0:21:52]} 24. Bd4 {[%clk 0:26:13]} Ne8
{[%clk 0:19:49]} 25. e5 {[%clk 0:21:41]} dxe5 {[%clk 0:08:47]} 26. fxe5
{[%clk 0:19:54]} Nb6 {[%clk 0:07:27]} 27. Bc5 {[%clk 0:15:03]} Nxd5
{[%clk 0:07:07]} 28. Bxf8 {[%clk 0:13:36]} Bxf8 {[%clk 0:07:33]} 29. Nxd5
{[%clk 0:13:53]} Qxd5 {[%clk 0:07:58]} 30. Qxd5 {[%clk 0:13:57]} Bxd5
{[%clk 0:08:24]} 31. Nf6 {[%clk 0:11:13]} Nxf6 {[%clk 0:07:45]} 32. exf6
{[%clk 0:11:38]} Bxb4 {[%clk 0:07:31]} 33. Red1 {[%clk 0:11:57]} Be6
{[%clk 0:06:26]} 34. Bg2 {[%clk 0:10:53]} Re8 {[%clk 0:04:55]} 35. Bc6
{[%clk 0:08:26]} Rc8 {[%clk 0:04:51]} 36. Bb7 {[%clk 0:07:24]} Rb8
{[%clk 0:04:33]} 37. Bxa6 {[%clk 0:07:33]} Bc4 {[%clk 0:04:16]} 38. Bb7
{[%clk 0:06:59]} Ba3 {[%clk 0:03:12]} 39. Rb1 {[%clk 0:06:01]} Re8
{[%clk 0:02:22]} 40. Re1 {[%clk 0:33:54]} Rb8 {[%clk 0:32:25]} 41. Red1
{[%clk 0:29:13]} Bc5+ {[%clk 0:17:59]} 42. Kg2 {[%clk 0:29:23]} h5
{[%clk 0:16:10]} 43. Bd5 {[%clk 0:29:44]} Be2 {[%clk 0:16:13]} 44. Re1
{[%clk 0:27:11]} Bd3 {[%clk 0:13:48]} 45. Rb3 {[%clk 0:25:18]} Bf5
{[%clk 0:12:56]} 46. Bxf7 {[%clk 0:23:45]} Rb6 {[%clk 0:13:23]} 47. Bd5
{[%clk 0:21:20]} b4 {[%clk 0:12:19]} 48. Re8+ {[%clk 0:18:40]} Kh7
{[%clk 0:12:40]} 49. f7 {[%clk 0:18:40]} Rf6 {[%clk 0:13:03]} 50. Rf3
{[%clk 0:13:58]} Kh6 {[%clk 0:13:11]} 51. h3 {[%clk 0:12:36]} Kg5
{[%clk 0:10:45]} 52. Rf4 {[%clk 0:11:09]} Bd6 {[%clk 0:05:27]} 53. Rd4
{[%clk 0:09:44]} Bc2 {[%clk 0:05:03]} 54. Bc4 {[%clk 0:06:26]} 1-0

[Event "Senior DM 2015"]
[Site "Randers"]
[Date "2015.02.11"]
[Round "5.6"]
[White "Mostrup, Jørn"]
[Black "Hvenekilde, Jørgen"]
[Result "1/2-1/2"]
[LiveChessVersion "1.4.4"]
[BlackElo "2087"]
[WhiteElo "2060"]

1. Nf3 {[%clk 1:30:53]} g6 {[%clk 1:30:48]} 2. c4 {[%clk 1:31:16]} Bg7
{[%clk 1:31:10]} 3. Nc3 {[%clk 1:30:33]} d6 {[%clk 1:31:13]} 4. d4
{[%clk 1:30:16]} Nd7 {[%clk 1:30:22]} 5. g3 {[%clk 1:30:01]} e5 {[%clk 1:26:22]}
6. Bg2 {[%clk 1:30:16]} Ne7 {[%clk 1:24:58]} 7. e4 {[%clk 1:25:05]} exd4
{[%clk 1:18:34]} 8. Nxd4 {[%clk 1:25:00]} O-O {[%clk 1:18:18]} 9. O-O
{[%clk 1:25:25]} Re8 {[%clk 1:16:17]} 10. f4 {[%clk 1:10:58]} Nb6
{[%clk 0:44:33]} 11. f5 {[%clk 0:56:46]} Nc6 {[%clk 0:42:24]} 12. Nxc6
{[%clk 0:56:31]} bxc6 {[%clk 0:42:46]} 13. Qf3 {[%clk 0:44:28]} 1/2-1/2

[Event "Senior DM 2015"]
[Site "Randers"]
[Date "2015.02.11"]
[Round "5.7"]
[White "Zachariassen, John"]
[Black "Sørensen, Bent"]
[Result "1/2-1/2"]
[LiveChessVersion "1.4.4"]
[BlackElo "2196"]
[WhiteElo "2009"]

1. Nf3 {[%clk 1:30:52]} e6 {[%clk 1:30:14]} 2. d4 {[%clk 1:31:15]} Nf6
{[%clk 1:30:16]} 3. Bf4 {[%clk 1:31:28]} c5 {[%clk 1:29:42]} 4. e3
{[%clk 1:30:58]} Nc6 {[%clk 1:28:43]} 5. c3 {[%clk 1:31:00]} Be7 {[%clk 1:22:41]}
6. Nbd2 {[%clk 1:30:50]} O-O {[%clk 1:18:05]} 7. Bd3 {[%clk 1:30:01]} Nd5
{[%clk 1:16:41]} 8. Bg3 {[%clk 1:30:11]} f5 {[%clk 1:08:41]} 9. O-O
{[%clk 1:18:33]} b6 {[%clk 1:06:21]} 10. a3 {[%clk 1:14:10]} f4 {[%clk 0:59:00]}
11. exf4 {[%clk 1:11:52]} Nxf4 {[%clk 0:59:18]} 12. Bxf4 {[%clk 1:09:32]} Rxf4
{[%clk 0:59:40]} 13. Ne5 {[%clk 1:07:04]} Nxe5 {[%clk 0:50:34]} 14. dxe5
{[%clk 1:06:27]} Bf8 {[%clk 0:46:41]} 15. Qe2 {[%clk 1:00:20]} Qg5
{[%clk 0:42:39]} 16. Be4 {[%clk 0:53:00]} Rb8 {[%clk 0:42:39]} 17. Qe3
{[%clk 0:49:17]} Rg4 {[%clk 0:37:52]} 18. Qxg5 {[%clk 0:47:39]} Rxg5
{[%clk 0:37:50]} 19. f4 {[%clk 0:47:03]} Rh5 {[%clk 0:36:34]} 20. Nf3
{[%clk 0:45:55]} d5 {[%clk 0:30:28]} 21. Bd3 {[%clk 0:44:24]} Be7
{[%clk 0:29:03]} 22. g4 {[%clk 0:43:43]} Rh6 {[%clk 0:29:27]} 23. f5
{[%clk 0:43:20]} exf5 {[%clk 0:26:51]} 24. gxf5 {[%clk 0:39:45]} Rh5
{[%clk 0:23:02]} 25. Rad1 {[%clk 0:35:52]} Bxf5 {[%clk 0:22:58]} 26. Bxf5
{[%clk 0:35:39]} Rxf5 {[%clk 0:23:24]} 27. Rxd5 {[%clk 0:35:52]} Rd8
{[%clk 0:17:18]} 28. c4 {[%clk 0:33:29]} Kf8 {[%clk 0:14:33]} 29. Kg2
{[%clk 0:32:36]} Ke8 {[%clk 0:14:28]} 30. Kg3 {[%clk 0:30:58]} g6
{[%clk 0:12:13]} 1/2-1/2

[Event "Senior DM 2015"]
[Site "Randers"]
[Date "2015.02.11"]
[Round "5.8"]
[White "Holst, Per"]
[Black "Olesen, Poul Erik Nørregaard"]
[Result "1-0"]
[LiveChessVersion "1.4.4"]
[BlackElo "1974"]
[WhiteElo "2020"]

1. d4 {[%clk 1:30:59]} Nf6 {[%clk 1:30:50]} 2. c4 {[%clk 1:31:25]} g6
{[%clk 1:30:16]} 3. Nc3 {[%clk 1:31:48]} c5 {[%clk 1:30:02]} 4. d5
{[%clk 1:32:11]} d6 {[%clk 1:30:24]} 5. e4 {[%clk 1:32:37]} Bg7 {[%clk 1:30:40]}
6. Nge2 {[%clk 1:32:54]} e6 {[%clk 1:29:50]} 7. Ng3 {[%clk 1:33:10]} exd5
{[%clk 1:29:01]} 8. cxd5 {[%clk 1:33:16]} O-O {[%clk 1:28:48]} 9. Be2
{[%clk 1:33:33]} Na6 {[%clk 1:24:41]} 10. O-O {[%clk 1:33:36]} Nc7
{[%clk 1:23:25]} 11. a4 {[%clk 1:27:35]} a6 {[%clk 1:16:07]} 12. Bg5
{[%clk 1:23:30]} h6 {[%clk 1:13:08]} 13. Be3 {[%clk 1:23:33]} b6 {[%clk 1:07:23]}
14. Qd2 {[%clk 1:19:31]} Kh7 {[%clk 1:06:39]} 15. h3 {[%clk 1:18:34]} Rb8
{[%clk 1:00:49]} 16. Rab1 {[%clk 1:18:25]} b5 {[%clk 0:43:21]} 17. axb5
{[%clk 1:15:58]} Nxb5 {[%clk 0:40:50]} 18. Nxb5 {[%clk 1:10:15]} axb5
{[%clk 0:40:28]} 19. b4 {[%clk 1:10:34]} c4 {[%clk 0:39:56]} 20. f4
{[%clk 1:09:38]} Re8 {[%clk 0:34:33]} 21. Bf3 {[%clk 1:09:38]} Nd7
{[%clk 0:28:36]} 22. Ne2 {[%clk 1:00:33]} Nb6 {[%clk 0:23:45]} 23. Nc3
{[%clk 0:52:05]} Bd7 {[%clk 0:20:25]} 24. Bd4 {[%clk 0:47:14]} Bf6
{[%clk 0:15:59]} 25. Rbe1 {[%clk 0:42:11]} Na4 {[%clk 0:14:35]} 26. e5
{[%clk 0:36:59]} Bh4 {[%clk 0:13:38]} 27. Re2 {[%clk 0:30:24]} Bf5
{[%clk 0:11:52]} 28. Be4 {[%clk 0:27:33]} dxe5 {[%clk 0:10:47]} 29. fxe5
{[%clk 0:25:14]} Bg5 {[%clk 0:10:30]} 30. Qc2 {[%clk 0:20:57]} Nxc3
{[%clk 0:07:55]} 31. Bxc3 {[%clk 0:20:16]} Bxe4 {[%clk 0:06:33]} 32. Qxe4
{[%clk 0:17:40]} f5 {[%clk 0:05:13]} 33. Qd4 {[%clk 0:15:33]} Bf6
{[%clk 0:04:22]} 34. exf6 {[%clk 0:12:42]} Rxe2 {[%clk 0:04:05]} 35. Qa7+
{[%clk 0:12:55]} Kg8 {[%clk 0:01:28]} 36. Qg7# 1-0

[Event "Senior DM 2015"]
[Site "Randers"]
[Date "2015.02.11"]
[Round "5.9"]
[White "Bauner, Jan"]
[Black "Madsen, Svend Aage"]
[Result "1-0"]
[LiveChessVersion "1.4.4"]
[BlackElo "2000"]
[WhiteElo "1973"]

1. d4 {[%clk 1:30:58]} d5 {[%clk 1:30:50]} 2. Nf3 {[%clk 1:31:09]} Nf6
{[%clk 1:30:47]} 3. c4 {[%clk 1:31:23]} c6 {[%clk 1:31:04]} 4. Nc3
{[%clk 1:29:46]} dxc4 {[%clk 1:31:14]} 5. e4 {[%clk 1:28:04]} b5 {[%clk 1:31:14]}
6. e5 {[%clk 1:21:48]} Nd5 {[%clk 1:31:27]} 7. Be2 {[%clk 1:07:56]} e6
{[%clk 1:28:08]} 8. O-O {[%clk 1:08:11]} Nxc3 {[%clk 1:22:49]} 9. bxc3
{[%clk 1:08:38]} Be7 {[%clk 1:22:35]} 10. Nd2 {[%clk 1:00:46]} Bb7
{[%clk 1:19:37]} 11. Bf3 {[%clk 0:58:55]} Nd7 {[%clk 1:18:02]} 12. Be4
{[%clk 0:57:47]} Qc7 {[%clk 1:13:04]} 13. Qg4 {[%clk 0:38:45]} g6
{[%clk 1:10:55]} 14. a4 {[%clk 0:35:51]} a6 {[%clk 1:02:27]} 15. Qf3
{[%clk 0:31:28]} O-O {[%clk 0:54:26]} 16. Qg3 {[%clk 0:24:26]} c5
{[%clk 0:53:22]} 17. h4 {[%clk 0:19:39]} cxd4 {[%clk 0:51:37]} 18. Bxb7
{[%clk 0:13:23]} Qxb7 {[%clk 0:51:56]} 19. cxd4 {[%clk 0:10:33]} Nb6
{[%clk 0:43:42]} 20. Nf3 {[%clk 0:07:48]} b4 {[%clk 0:38:50]} 21. Bh6
{[%clk 0:05:56]} Rfc8 {[%clk 0:35:46]} 22. h5 {[%clk 0:06:14]} Nd5
{[%clk 0:29:03]} 23. Ng5 {[%clk 0:03:02]} Rc6 {[%clk 0:24:37]} 24. Rae1
{[%clk 0:01:32]} Bf8 {[%clk 0:22:47]} 25. Bxf8 {[%clk 0:00:52]} Rxf8
{[%clk 0:23:03]} 26. Re4 {[%clk 0:01:06]} Ne7 {[%clk 0:12:05]} 27. Rf4
{[%clk 0:00:41]} Nf5 {[%clk 0:10:39]} 28. Qh3 {[%clk 0:01:09]} f6
{[%clk 0:03:28]} 29. exf6 {[%clk 0:00:57]} Qc7 {[%clk 0:03:13]} 30. hxg6
{[%clk 0:01:03]} hxg6 {[%clk 0:03:29]} 31. f7+ {[%clk 0:01:06]} Rxf7
{[%clk 0:03:28]} 32. Re4 {[%clk 0:01:31]} Qe7 {[%clk 0:02:25]} 33. d5
{[%clk 0:01:58]} Qxg5 {[%clk 0:01:53]} 34. dxc6 {[%clk 0:02:26]} Rh7
{[%clk 0:02:03]} 35. Rg4 {[%clk 0:02:07]} Qf6 {[%clk 0:01:44]} 36. Qf3
{[%clk 0:02:15]} Rc7 {[%clk 0:01:04]} 37. Rd1 {[%clk 0:02:27]} Qg7
{[%clk 0:00:40]} 38. Rd8+ {[%clk 0:02:07]} Kh7 {[%clk 0:01:02]} 39. Qh3+
{[%clk 0:32:11]} Nh6 {[%clk 0:31:13]} 40. Qf3 {[%clk 0:32:15]} Nxg4
{[%clk 0:31:26]} 41. Qxg4 {[%clk 0:32:36]} Qa1+ {[%clk 0:23:15]} 42. Rd1
{[%clk 0:27:40]} Qxa4 {[%clk 0:16:59]} 43. Qh4+ {[%clk 0:27:33]} Kg7
{[%clk 0:17:14]} 44. Rd8 {[%clk 0:27:54]} Qa1+ {[%clk 0:17:07]} 45. Kh2
{[%clk 0:27:44]} Qe5+ {[%clk 0:09:24]} 46. g3 {[%clk 0:26:43]} Qh5
{[%clk 0:08:19]} 47. Qxh5 {[%clk 0:26:55]} gxh5 {[%clk 0:08:42]} 48. Rd7+
{[%clk 0:27:18]} Kf6 {[%clk 0:09:01]} 49. Rxc7 {[%clk 0:26:58]} c3
{[%clk 0:09:24]} 50. Rf7+ {[%clk 0:26:25]} Kxf7 {[%clk 0:07:47]} 51. c7
{[%clk 0:26:48]} b3 {[%clk 0:08:04]} 52. c8=Q {[%clk 0:26:52]} b2
{[%clk 0:08:23]} 53. Qd7+ {[%clk 0:25:21]} Kf6 {[%clk 0:07:51]} 54. Qd3
{[%clk 0:25:41]} Kf7 {[%clk 0:07:49]} 55. Kh3 {[%clk 0:25:52]} a5
{[%clk 0:08:08]} 56. Kh4 {[%clk 0:26:13]} a4 {[%clk 0:08:24]} 57. Kxh5
{[%clk 0:25:04]} a3 {[%clk 0:08:19]} 58. Qb1 {[%clk 0:25:25]} Kg7
{[%clk 0:07:50]} 59. Kg5 {[%clk 0:25:42]} 1-0

[Event "Senior DM 2015"]
[Site "Randers"]
[Date "2015.02.11"]
[Round "5.10"]
[White "Jørgensen, Arne Bjørn"]
[Black "Andersen, Carl Johan"]
[Result "1-0"]
[LiveChessVersion "1.4.4"]
[BlackElo "1822"]
[WhiteElo "1955"]

1. Nf3 {[%clk 1:30:51]} Nf6 {[%clk 1:30:58]} 2. g3 {[%clk 1:31:09]} g6
{[%clk 1:31:08]} 3. Bg2 {[%clk 1:31:34]} Bg7 {[%clk 1:31:26]} 4. O-O
{[%clk 1:31:47]} c5 {[%clk 1:31:52]} 5. d4 {[%clk 1:30:33]} cxd4 {[%clk 1:32:07]}
6. Nxd4 {[%clk 1:30:05]} O-O {[%clk 1:32:23]} 7. c4 {[%clk 1:27:05]} Nc6
{[%clk 1:32:45]} 8. Nc3 {[%clk 1:26:45]} Nxd4 {[%clk 1:33:00]} 9. Qxd4
{[%clk 1:27:10]} d6 {[%clk 1:33:22]} 10. Qd3 {[%clk 1:26:25]} Be6
{[%clk 1:33:27]} 11. Nd5 {[%clk 1:17:44]} Nxd5 {[%clk 1:32:08]} 12. cxd5
{[%clk 1:17:21]} Bf5 {[%clk 1:31:41]} 13. e4 {[%clk 1:17:09]} Bd7
{[%clk 1:31:54]} 14. Rd1 {[%clk 0:59:05]} Ba4 {[%clk 1:27:45]} 15. Re1
{[%clk 0:55:49]} Rc8 {[%clk 1:27:28]} 16. Qa3 {[%clk 0:48:58]} Qd7
{[%clk 1:26:22]} 17. Be3 {[%clk 0:47:46]} Rc2 {[%clk 1:25:14]} 18. Rab1
{[%clk 0:46:21]} a6 {[%clk 1:18:07]} 19. b3 {[%clk 0:40:33]} Bb5 {[%clk 1:18:33]}
20. Rec1 {[%clk 0:37:34]} Rfc8 {[%clk 1:17:07]} 21. Rxc2 {[%clk 0:36:35]} Rxc2
{[%clk 1:17:28]} 22. h3 {[%clk 0:30:14]} Qc7 {[%clk 1:14:12]} 23. Rc1
{[%clk 0:27:43]} Bd3 {[%clk 1:10:23]} 24. Rxc2 {[%clk 0:22:05]} Qxc2
{[%clk 1:10:26]} 25. Qa5 {[%clk 0:21:34]} Qc8 {[%clk 1:02:27]} 26. Qb6
{[%clk 0:21:09]} f5 {[%clk 1:01:38]} 27. exf5 {[%clk 0:20:41]} Bxf5
{[%clk 1:01:57]} 28. Kh2 {[%clk 0:20:34]} Kf7 {[%clk 0:57:22]} 29. a3
{[%clk 0:20:34]} Bb2 {[%clk 0:56:42]} 30. a4 {[%clk 0:20:29]} Ba3
{[%clk 0:54:18]} 31. b4 {[%clk 0:19:02]} Bc2 {[%clk 0:54:35]} 32. a5
{[%clk 0:17:14]} Bb2 {[%clk 0:53:56]} 33. h4 {[%clk 0:16:14]} Bf5
{[%clk 0:53:08]} 34. b5 {[%clk 0:14:04]} axb5 {[%clk 0:51:17]} 35. Qxb5
{[%clk 0:14:11]} Bf6 {[%clk 0:50:44]} 36. Qb6 {[%clk 0:14:00]} h5
{[%clk 0:48:05]} 37. Bf1 {[%clk 0:12:28]} Be4 {[%clk 0:47:51]} 38. Bh3
{[%clk 0:09:50]} Qc4 {[%clk 0:45:34]} 39. Be6+ {[%clk 0:07:36]} Kg7
{[%clk 0:45:58]} 40. Qd8 {[%clk 0:37:06]} Bxh4 {[%clk 1:09:01]} 41. Qg8+
{[%clk 0:36:45]} Kf6 {[%clk 1:09:29]} 42. Qf7+ {[%clk 0:36:54]} 1-0